Vai trò của Nguễn Hữu Cảnh với công cuộc khai hoang và quản lý xứ đàng trong (1692 - 1700)
Vài nét về các chúa Nguyễn với vùng đất đàng trong đến đầu thế kỉ XVII và nhân vật Nguyễn Hữu Cảnh. Vai trò của Nguyễn Hữu Cảnh với công cuộc khai hoang và quản lý vùng đất mới ở xứ đàng trong (1692 -1700).
Wedi'i Gadw mewn:
| Prif Awdur: | |
|---|---|
| Awduron Eraill: | |
| Fformat: | Llyfr |
| Iaith: | Vietnamese |
| Cyhoeddwyd: |
Đà Nẵng
Đại học Sư phạm
2011
|
| Pynciau: | |
| Tagiau: |
Ychwanegu Tag
Dim Tagiau, Byddwch y cyntaf i dagio'r cofnod hwn!
|
| Thư viện lưu trữ: | Mạng thư viện Đại học Đà Nẵng |
|---|
| LEADER | 01568nam a2200349 4500 | ||
|---|---|---|---|
| 001 | 000012301 | ||
| 003 | 8595 | ||
| 005 | 20120217110239.0 | ||
| 008 | 120217s2011 viesd | ||
| 041 | |a vie | ||
| 072 | |a Khóa luận tốt nghiệp | ||
| 082 | |a 959.704842092 |b NG-H | ||
| 100 | |a Ngô, Thị Diễm Hà |e Tác giả | ||
| 245 | |a Vai trò của Nguễn Hữu Cảnh với công cuộc khai hoang và quản lý xứ đàng trong (1692 - 1700) |c Ngô Thị Diễm Hà | ||
| 260 | |a Đà Nẵng |b Đại học Sư phạm |c 2011 | ||
| 300 | |a 49 tr. |c 29 cm | ||
| 500 | |a Khóa luận tốt nghiệp khoa Lịch sử. Lớp 07 SLS | ||
| 520 | |a Vài nét về các chúa Nguyễn với vùng đất đàng trong đến đầu thế kỉ XVII và nhân vật Nguyễn Hữu Cảnh. Vai trò của Nguyễn Hữu Cảnh với công cuộc khai hoang và quản lý vùng đất mới ở xứ đàng trong (1692 -1700). | ||
| 653 | |a Nguyễn Hữu Cảnh | ||
| 653 | |a Khai hoang | ||
| 653 | |a Xứ đàng trong | ||
| 700 | |a Nguyễn Xuyên |c Th.S |e Hướng dẫn | ||
| OWN | |a LSP | ||
| AVA | |a UDN50 |b LSP |d 959.704842092 NG-H |e available |t Error 5001 Not defined in file expand_doc_bib_avail. |f 1 |g 0 |h N |i 0 |k 1 | ||
| 999 | |a From the UDN01 | ||
| AVA | |a UDN50 |b LSP |d 959.704842092 NG-H |e available |t Error 5001 Not defined in file expand_doc_bib_avail. |f 1 |g 0 |h N |i 0 |k 1 | ||
| TYP | |a Monograph | ||
| TYP | |a Printed language | ||
| 980 | |a Mạng thư viện Đại học Đà Nẵng | ||